San Benito y la vida monástica

Збережено в:
Бібліографічні деталі
Автор: Nesmy, Claude Jean (autor)
Формат: Книга
Мова:Іспанська
Опубліковано: Madrid Aguilar 1963
Предмети:
Теги: Додати тег
Немає тегів, Будьте першим, хто поставить тег для цього запису!

MARC

LEADER 00000nam a2200000 a 4500
001 UCZ1392
003 CL-VaPUC
008 950824e19630000SP |||||||||||||||||spa|d
082 0 4 |a 255.1  |b NES  |2 21 
100 |a Nesmy, Claude Jean  |e autor  |9 344953 
245 1 0 |a San Benito y la vida monástica 
300 |a 202 p 
942 |c BK 
945 |d 19950824 00:00:00  |a aalvarez 
260 |a Madrid  |b Aguilar  |c 1963 
600 0 7 |a BENITO, SANTO  |2 CL-VaPUC  |9 344954 
650 7 |a MONASTICISMO  |2 CL-VaPUC  |9 258754 
650 0 |a Vida cristiana  |9 258753 
583 |a last modification  |c 19950824 00:00:00  |k Rodrigo Vera 
999 |c 238143  |d 238141 
952 |0 0  |1 0  |4 0  |6 255_100000000000000_NES_1963  |7 0  |8 F  |9 248163  |a BIBTEO  |b BIBTEO  |d 2019-11-18  |i 3128482  |o 255.1 NES 1963  |p 3128482  |r 2025-01-17  |w 2019-11-18  |y BK_F  |k ICR